[Event "Wch Seniors 12th"]
[Site "Naumburg"]
[Date "2002.10.25"]
[Round "5"]
[White "Werchan, Hans"]
[Black "Zakhvatov, Vladimir"]
[Result "1-0"]
[WhiteElo "2121"]
[BlackElo "2314"]
[PlyCount "61"]
[EventDate "2002.10.21"]
[EventType "swiss"]
[EventRounds "11"]
[EventCountry "GER"]
[SourceTitle "EXT 2006"]
[Source "ChessBase"]
[SourceDate "2005.11.24"]
[SourceVersion "1"]
[SourceVersionDate "2005.11.24"]
[SourceQuality "1"]

1. Nf3 Nf6 2. c4 c5 3. Nc3 g6 4. d4 cxd4 5. Nxd4 Bg7 6. e4 0-0 7. Be2 Nc6 8. Nc2 d6 9. Be3 b6 10. Qd2 Re8 11. Rc1 Ne5 12. f3 Bb7 13. 0-0 Rc8 14. b3 Qc7 15. Nd4 Qb8 16. Rfd1 h5 17. h3 Nfd7 18. Qe1 Nc5 19. g4 hxg4 20. hxg4 Nc6 21. Nxc6 Bxc6 22. g5 Rf8 23. Nd5 Bxd5 24. exd5 f5 25. f4 Kf7 26. Bf3 Rh8 27. Bxc5 dxc5 28. Qe6+ Kf8 29. d6 Bd4+ 30. Rxd4 cxd4 31. Qxe7+ 1-0

[Event "Wch Seniors 12th"]
[Site "Naumburg"]
[Date "2002.10.21"]
[Round "1"]
[White "Bleher, Walter"]
[Black "Zakhvatov, Vladimir"]
[Result "0-1"]
[WhiteElo "1895"]
[BlackElo "2314"]
[PlyCount "68"]
[EventDate "2002.10.21"]
[EventType "swiss"]
[EventRounds "11"]
[EventCountry "GER"]
[SourceTitle "EXT 2006"]
[Source "ChessBase"]
[SourceDate "2005.11.24"]
[SourceVersion "1"]
[SourceVersionDate "2005.11.24"]
[SourceQuality "1"]

1. e4 e6 2. d4 d5 3. Nd2 Nf6 4. e5 Nfd7 5. f4 c5 6. Ndf3 Nc6 7. c3 Qb6 8. h4 cxd4 9. cxd4 Bb4+ 10. Kf2 f6 11. Kg3 0-0 12. Ne2 a5 13. Qd3 a4 14. Be3 a3 15. b3 Be7 16. Nc3 Nb4 17. Qd2 Qd8 18. Be2 Qe8 19. h5 h6 20. Nh4 Rf7 21. Ng6 Nc6 22. Nb5 Bb4 23. Qd3 Nf8 24. exf6 gxf6 25. Rh4 Rg7 26. Kh2 f5 27. Ne5 Bd7 28. Nc7 Qe7 29. Nxa8 Qxh4+ 30. Kg1 Qh3 31. Bf1 Nxe5 32. dxe5 Bb5 33. Qxb5 Qxe3+ 34. Kh1 Rg4 0-1

[Event "Wch Seniors 11th"]
[Site "Arco"]
[Date "2001.10.27"]
[Round "10"]
[White "Littlewood, John Eric"]
[Black "Zakhvatov, Vladimir"]
[Result "0-1"]
[WhiteElo "2285"]
[BlackElo "2322"]
[PlyCount "89"]
[EventDate "2001.10.17"]
[EventType "swiss"]
[EventRounds "11"]
[EventCountry "ITA"]
[SourceTitle "EXT 2002"]
[Source "ChessBase"]
[SourceDate "2001.11.25"]
[SourceVersion "1"]
[SourceVersionDate "2001.11.25"]
[SourceQuality "1"]

1. f4 c5 2. Nf3 Nc6 3. e4 g6 4. g3 Bg7 5. Bg2 d6 6. 0-0 Nf6 7. d3 0-0 8. h3 Bd7 9. Nc3 Rb8 10. g4 b5 11. Qe1 b4 12. Nd1 a5 13. f5 Nd4 14. Ne3 Bb5 15. g5 Nd7 16. a4 Ba6 17. Nh2 Ne5 18. Nhg4 Nxg4 19. Nxg4 Nxc2 20. Qh4 Bc8 21. f6 Bxg4 22. fxg7 Kxg7 23. Rb1 Bh5 24. Bf4 Nd4 25. Be3 Qd7 26. Rf2 Qxa4 27. Bxd4+ cxd4 28. Bf3 Bxf3 29. Rxf3 Rh8 30. Qf2 Rhf8 31. Rf1 Qe8 32. Qxd4+ Kg8 33. h4 Qc8 34. Qf2 Qe6 35. Ra1 Rb5 36. Rf4 d5 37. Re1 Qd7 38. e5 Qe6 39. b3 d4 40. Qxd4 Qxb3 41. e6 Rf5 42. Rxf5 gxf5 43. h5 fxe6 44. h6 Qc3 45. Qh4 0-1

[Event "RUS-chT 05th"]
[Site "Maikop"]
[Date "1998.06.08"]
[Round "6"]
[White "Solozhenkin, Evgeniy"]
[Black "Zakhvatov, Vladimir"]
[Result "1-0"]
[WhiteElo "2500"]
[BlackElo "2335"]
[PlyCount "85"]
[EventDate "1998.06.03"]
[EventType "team-tourn"]
[EventRounds "11"]
[EventCountry "RUS"]
[SourceTitle "EXT 2020"]
[Source "ChessBase"]
[SourceDate "2019.10.17"]
[SourceVersion "1"]
[SourceVersionDate "2019.10.17"]
[SourceQuality "1"]
[WhiteTeam "Sankt Petersburg"]
[BlackTeam "Cherepovets Severstal"]
[WhiteTeamCountry "RUS"]
[BlackTeamCountry "RUS"]

1. d4 Nf6 2. c4 e6 3. Nf3 d5 4. Nc3 Bb4 5. Qa4+ Nc6 6. Ne5 Bd7 7. Nxd7 Qxd7 8. a3 Be7 9. cxd5 exd5 10. Bf4 0-0 11. e3 a6 12. Bd3 Nh5 13. Bg3 g6 14. Be2 b5 15. Qc2 Nxg3 16. hxg3 Na5 17. Bf3 c6 18. b3 Nb7 19. 0-0 Nd6 20. Rfc1 Rac8 21. Ne2 g5 22. Nc3 g4 23. Be2 f5 24. Bd3 Rf6 25. Ne2 Rh6 26. a4 Qe8 27. Nf4 Bg5 28. Bxf5 Bxf4 29. Bxg4 Bg5 30. Bxc8 Nxc8 31. Qf5 Rg6 32. axb5 Ne7 33. Qe5 axb5 34. Ra7 Kf7 35. Rca1 Bf6 36. Qc7 Kg7 37. R1a6 Rh6 38. Ra1 Qh5 39. f3 Qg5 40. Kf2 Rg6 41. Rc1 h5 42. Rxc6 Qf5 43. Rxf6 1-0

[Event "Paris op"]
[Site "Paris"]
[Date "1998.??.??"]
[Round "2"]
[White "Zakhvatov, Vladimir"]
[Black "Broca, Alexandre"]
[Result "1/2-1/2"]
[WhiteElo "2385"]
[BlackElo "2120"]
[PlyCount "72"]
[EventDate "1998.07.??"]
[EventType "swiss"]
[EventRounds "9"]
[EventCountry "FRA"]
[SourceTitle "EXT 2000"]
[Source "ChessBase"]
[SourceDate "1999.11.16"]
[SourceVersion "1"]
[SourceVersionDate "1999.11.16"]
[SourceQuality "1"]

1. e4 e5 2. Nf3 Nc6 3. Bb5 a6 4. Bxc6 dxc6 5. 0-0 f6 6. d4 exd4 7. Qxd4 Qxd4 8. Nxd4 c5 9. Nb3 Be6 10. Be3 b6 11. Rd1 Bd6 12. Nc3 Ne7 13. a4 0-0-0 14. Rd2 Kb7 15. Nd5 c4 16. Nxe7 cxb3 17. Nd5 bxc2 18. Rxc2 f5 19. Rac1 fxe4 20. Nxc7 Bb3 21. Rc3 Bxa4 22. Ne6 Rc8 23. Rxc8 Rxc8 24. Rxc8 Kxc8 25. Bxb6 Bd7 26. Ng5 Be5 27. b4 Bc6 28. Nxh7 Bd5 29. Ng5 Kd7 30. Bc5 Kc6 31. Bf8 g6 32. h4 Bf4 33. Kf1 Bxg5 34. hxg5 Kd7 35. Ke2 Ke6 36. Bg7 Bb7 1/2-1/2

[Event "Paris op"]
[Site "Paris"]
[Date "1998.??.??"]
[Round "8"]
[White "Zakhvatov, Vladimir"]
[Black "Leroy, Didier"]
[Result "0-1"]
[WhiteElo "2385"]
[BlackElo "2235"]
[PlyCount "60"]
[EventDate "1998.07.??"]
[EventType "swiss"]
[EventRounds "9"]
[EventCountry "FRA"]
[SourceTitle "EXT 2000"]
[Source "ChessBase"]
[SourceDate "1999.11.16"]
[SourceVersion "1"]
[SourceVersionDate "1999.11.16"]
[SourceQuality "1"]

1. d4 Nf6 2. c4 c5 3. Nf3 cxd4 4. Nxd4 e5 5. Nb5 d5 6. cxd5 Bc5 7. e3 0-0 8. N5c3 e4 9. a3 Re8 10. b4 Bf8 11. Bb2 a5 12. b5 Nbd7 13. Na4 Ne5 14. Nbc3 Bf5 15. Qd4 Rc8 16. Be2 Bd6 17. 0-0 Nfg4 18. Nxe4 Nf3+ 19. gxf3 Be5 20. Ng3 Bxd4 21. Bxd4 Nh6 22. e4 Bh3 23. Rfd1 f5 24. Be3 Rf8 25. Bf1 Bxf1 26. Nxf1 fxe4 27. fxe4 Qh4 28. Rd4 Ng4 29. e5 Rc2 30. e6 Rfxf2 0-1

[Event "Agios Nikolaos op"]
[Site "Agios Nikolaos"]
[Date "1997.10.22"]
[Round "?"]
[White "Atalik, Suat"]
[Black "Zakhvatov, Vladimir"]
[Result "1-0"]
[WhiteElo "2590"]
[BlackElo "2400"]
[PlyCount "59"]
[EventDate "1997.10.22"]
[EventType "swiss"]
[EventRounds "9"]
[EventCountry "GRE"]
[SourceTitle "EXT 1999"]
[Source "ChessBase"]
[SourceDate "1998.11.16"]
[SourceVersion "1"]
[SourceVersionDate "1998.11.16"]
[SourceQuality "1"]

1. d4 d5 2. c4 dxc4 3. e3 Nf6 4. Bxc4 Bg4 5. Qb3 e6 6. Qxb7 Nbd7 7. Be2 Bf5 8. Nf3 Be4 9. Qb3 Rb8 10. Qd1 Bb4+ 11. Nbd2 c5 12. 0-0 Bd5 13. Nc4 cxd4 14. Nxd4 Qc7 15. b3 h5 16. Bd2 Ng4 17. f4 Bc5 18. h3 Bxd4 19. exd4 Ngf6 20. Rc1 Kf8 21. Ba5 Qb7 22. Nd6 Qa8 23. Bc7 Ke7 24. Bf3 Rb4 25. Nf5+ exf5 26. Qe1+ Ne4 27. Qxb4+ Kf6 28. Bxe4 fxe4 29. Qd6+ Be6 30. f5 1-0

[Event "Cherepovets"]
[Site "Cherepovets"]
[Date "1997.??.??"]
[Round "8"]
[White "Bratchenko, Alexander"]
[Black "Zakhvatov, Vladimir"]
[Result "1-0"]
[WhiteElo "2390"]
[BlackElo "2360"]
[PlyCount "69"]
[EventDate "1997.??.??"]
[EventType "tourn"]
[EventRounds "11"]
[EventCountry "RUS"]
[SourceTitle "EXT 1999"]
[Source "ChessBase"]
[SourceDate "1998.11.16"]
[SourceVersion "1"]
[SourceVersionDate "1998.11.16"]
[SourceQuality "1"]

1. d4 d5 2. c4 dxc4 3. e3 e5 4. Bxc4 exd4 5. Nf3 Bb4+ 6. Kf1 Bd6 7. Qb3 Nh6 8. exd4 0-0 9. Bg5 Qe8 10. Nc3 Be6 11. Bxe6 Qxe6 12. Qxe6 fxe6 13. Re1 Kf7 14. Bd2 Be7 15. Ne4 Ng4 16. h3 Nf6 17. Neg5+ Kg8 18. Nxe6 Rc8 19. Nxg7 Kxg7 20. Rxe7+ Kf8 21. Re2 Nc6 22. g4 Re8 23. Rxe8+ Rxe8 24. Kg2 h5 25. g5 Ne4 26. Bf4 Nb4 27. Bxc7 Rc8 28. Re1 Rxc7 29. Rxe4 Rc2 30. Rf4+ Kg8 31. Ne5 Rxb2 32. Rf7 Nxa2 33. g6 a5 34. Nd7 Rb6 35. Nxb6 1-0

[Event "Cherepovets"]
[Site "Cherepovets"]
[Date "1997.??.??"]
[Round "2"]
[White "Ditiatev, Sergey"]
[Black "Zakhvatov, Vladimir"]
[Result "1/2-1/2"]
[WhiteElo "2465"]
[BlackElo "2360"]
[PlyCount "27"]
[EventDate "1997.??.??"]
[EventType "tourn"]
[EventRounds "11"]
[EventCountry "RUS"]
[SourceTitle "EXT 1999"]
[Source "ChessBase"]
[SourceDate "1998.11.16"]
[SourceVersion "1"]
[SourceVersionDate "1998.11.16"]
[SourceQuality "1"]

1. Nf3 Nf6 2. c4 d6 3. d4 Bg4 4. Nc3 Nbd7 5. e4 e5 6. dxe5 Nxe5 7. Be2 Bxf3 8. Bxf3 Nxf3+ 9. Qxf3 Qd7 10. h3 0-0-0 11. Bg5 Be7 12. 0-0-0 Rhe8 13. Bxf6 Bxf6 14. Nd5 1/2-1/2

[Event "Cherepovets"]
[Site "Cherepovets"]
[Date "1997.??.??"]
[Round "10"]
[White "Petkevich, Jusefs"]
[Black "Zakhvatov, Vladimir"]
[Result "1-0"]
[WhiteElo "2455"]
[BlackElo "2360"]
[PlyCount "47"]
[EventDate "1997.??.??"]
[EventType "tourn"]
[EventRounds "11"]
[EventCountry "RUS"]
[SourceTitle "EXT 1999"]
[Source "ChessBase"]
[SourceDate "1998.11.16"]
[SourceVersion "1"]
[SourceVersionDate "1998.11.16"]
[SourceQuality "1"]

1. e4 e6 2. d3 d5 3. Nd2 c5 4. Ngf3 g6 5. g3 Bg7 6. Bg2 Nc6 7. 0-0 Nge7 8. Re1 0-0 9. e5 b6 10. c3 a5 11. a4 Ba6 12. Nb1 Qc7 13. Qc2 Rfd8 14. Na3 Nf5 15. Nb5 Bxb5 16. axb5 Na7 17. g4 Ne7 18. c4 dxc4 19. dxc4 h6 20. Bf4 g5 21. Bg3 Ng6 22. Rad1 Nc8 23. h4 Rxd1 24. Rxd1 1-0

[Event "Cherepovets"]
[Site "Cherepovets"]
[Date "1997.??.??"]
[Round "9"]
[White "Zakhvatov, Vladimir"]
[Black "Grechihin, Valery"]
[Result "0-1"]
[WhiteElo "2360"]
[BlackElo "2490"]
[PlyCount "68"]
[EventDate "1997.??.??"]
[EventType "tourn"]
[EventRounds "11"]
[EventCountry "RUS"]
[SourceTitle "EXT 1999"]
[Source "ChessBase"]
[SourceDate "1998.11.16"]
[SourceVersion "1"]
[SourceVersionDate "1998.11.16"]
[SourceQuality "1"]

1. d4 Nf6 2. c4 c5 3. d5 e6 4. Nc3 exd5 5. cxd5 d6 6. Nf3 g6 7. Bg5 h6 8. Bh4 g5 9. Bg3 Nh5 10. e3 Nxg3 11. hxg3 Bg7 12. Qa4+ Kf8 13. Qc2 Nd7 14. Be2 Qe7 15. 0-0 h5 16. Qe4 Bh6 17. Qxe7+ Kxe7 18. Nd2 Ne5 19. Rae1 g4 20. Nc4 Bg7 21. f4 gxf3 22. gxf3 Bh3 23. Rf2 Nxc4 24. Bxc4 Be5 25. f4 Bxc3 26. bxc3 Rag8 27. Rh2 Rxg3+ 28. Kf2 Rhg8 29. Reh1 Bf5 30. Rxh5 Be4 31. R1h2 Rg2+ 32. Rxg2 Rxg2+ 33. Ke1 Rb2 34. Bb3 b5 0-1

[Event "Agios Nikolaos op"]
[Site "Agios Nikolaos"]
[Date "1997.??.??"]
[Round "?"]
[White "Zakhvatov, Vladimir"]
[Black "Javakhishvili, Ekaterine"]
[Result "1-0"]
[WhiteElo "2360"]
[BlackElo "2095"]
[PlyCount "47"]
[EventDate "1997.10.22"]
[EventType "swiss"]
[EventRounds "9"]
[EventCountry "GRE"]
[SourceTitle "EXT 2003"]
[Source "ChessBase"]
[SourceDate "2002.11.25"]
[SourceVersion "1"]
[SourceVersionDate "2002.11.25"]
[SourceQuality "1"]

1. d4 Nf6 2. c4 g6 3. Nc3 Bg7 4. e4 d6 5. f4 0-0 6. Nf3 c5 7. d5 e6 8. dxe6 fxe6 9. Bd3 Kh8 10. 0-0 d5 11. e5 Ng8 12. Nb5 Nh6 13. Nd6 Nf7 14. Nxf7+ Rxf7 15. Ng5 Re7 16. Be3 b6 17. Qf3 Bh6 18. Rad1 Bxg5 19. fxg5 Bb7 20. Be4 Rd7 21. cxd5 exd5 22. e6 Re7 23. Bxd5 Bxd5 24. Rxd5 1-0

[Event "Koop Tjuchem op"]
[Site "Groningen"]
[Date "1996.??.??"]
[Round "1"]
[White "Yermolinsky, Alex"]
[Black "Zakhvatov, Vladimir"]
[Result "1-0"]
[WhiteElo "2610"]
[BlackElo "2310"]
[PlyCount "87"]
[EventDate "1996.12.20"]
[EventType "swiss"]
[EventRounds "11"]
[EventCountry "NED"]
[SourceTitle "EXT 1998"]
[Source "ChessBase"]
[SourceDate "1997.11.17"]
[SourceVersion "1"]
[SourceVersionDate "1997.11.17"]
[SourceQuality "1"]

1. Nf3 d5 2. d4 Nf6 3. c4 e6 4. Nc3 c6 5. Bg5 Nbd7 6. e3 Qa5 7. cxd5 Nxd5 8. Qd2 Bb4 9. Rc1 N7b6 10. a3 Bxc3 11. bxc3 h6 12. Bh4 Qxa3 13. e4 Nf6 14. Bd3 c5 15. 0-0 c4 16. Bc2 Nbd7 17. Ra1 Qf8 18. Qe2 g5 19. Bg3 Nh5 20. Qxc4 Nxg3 21. fxg3 Qe7 22. e5 Nb6 23. Qd3 Bd7 24. Rfb1 Qd8 25. Nd2 Bc6 26. c4 Qc7 27. c5 Nc8 28. Nc4 h5 29. Qe3 h4 30. Nd6+ Nxd6 31. exd6 Qd8 32. Ba4 hxg3 33. hxg3 Kf8 34. Bxc6 bxc6 35. Rb7 Rh6 36. Re7 Kg8 37. Qxg5+ Rg6 38. Qf4 Qf8 39. Raxa7 Rxa7 40. Rxa7 f5 41. Qh4 Rg7 42. Rxg7+ Qxg7 43. Qd8+ Kh7 44. Qc7 1-0

[Event "RUS-chT 02nd"]
[Site "Kolontaevo"]
[Date "1994.??.??"]
[Round "2"]
[White "Vekshenkov, Nikolai"]
[Black "Zakhvatov, Vladimir"]
[Result "1/2-1/2"]
[WhiteElo "2375"]
[BlackElo "2310"]
[PlyCount "45"]
[EventDate "1994.??.??"]
[EventType "team-tourn"]
[EventRounds "9"]
[EventCountry "RUS"]
[SourceTitle "EXT 2020"]
[Source "ChessBase"]
[SourceDate "2019.10.17"]
[SourceVersion "1"]
[SourceVersionDate "2019.10.17"]
[SourceQuality "1"]
[WhiteTeam "Novosibirsk New Siberia"]
[BlackTeam "Cherepovets Severstal"]
[WhiteTeamCountry "RUS"]
[BlackTeamCountry "RUS"]

1. c4 e5 2. Nc3 Nc6 3. g3 g6 4. Bg2 Bg7 5. Rb1 Nge7 6. b4 Nf5 7. d3 h5 8. h4 0-0 9. Nf3 Ncd4 10. Ng5 d6 11. e3 Nc6 12. b5 Nce7 13. Qb3 c6 14. bxc6 bxc6 15. Ba3 Bd7 16. 0-0 Rc8 17. Qb7 Rc7 18. Qa6 f6 19. Nge4 Bc8 20. Qa5 a6 21. Rb8 c5 22. Rfb1 Nc6 23. Rxc8 1/2-1/2